[Event "Tbilisi Municipality Cup"]
[Site "Tbilisi"]
[Date "2009.06.17"]
[Round "3"]
[White "Hasanov, Asif Zahid Oglu"]
[Black "Gaprindashvili, Valeriane"]
[Result "1/2-1/2"]
[WhiteElo "2281"]
[BlackElo "2453"]
[PlyCount "121"]
[EventDate "2009.06.15"]
[EventType "swiss"]
[EventRounds "9"]
[EventCountry "GEO"]
[SourceTitle "CBM 130 Extra"]
[Source "ChessBase"]
[SourceDate "2009.07.02"]
[SourceVersion "2"]
[SourceVersionDate "2009.07.15"]
[SourceQuality "1"]

1. e4 d5 2. exd5 Nf6 3. d4 Nxd5 4. Nf3 g6 5. Be2 Bg7 6. 0-0 0-0 7. c4 Nb6 8. Nc3 Bg4 9. h3 Bxf3 10. Bxf3 Nc6 11. c5 Nd7 12. Bxc6 bxc6 13. Qa4 e5 14. dxe5 Nxe5 15. Rd1 Qe7 16. Be3 Rfd8 17. Qa6 Qe6 18. Rxd8+ Rxd8 19. Qxa7 Nc4 20. Qxc7 Rc8 21. Qb7 Nxe3 22. Re1 Bd4 23. Nd1 Rd8 24. Nxe3 Bxc5 25. b4 Bxe3 26. Rxe3 Qxa2 27. Qxc6 Rd1+ 28. Kh2 Qxf2 29. Re8+ Kg7 30. Qc3+ Kh6 31. Qe3+ Qxe3 32. Rxe3 Rb1 33. Re4 f5 34. Rh4+ Kg7 35. Rc4 Kf6 36. Kg3 Rb3+ 37. Kf2 Kg5 38. Rd4 Kf6 39. Rc4 Ke5 40. Rc7 h5 41. Rc6 Kf4 42. Rxg6 Rb2+ 43. Kg1 Rxb4 44. Rh6 Kg3 45. Rg6+ Kf4 46. Rh6 Kg5 47. Rc6 Rb2 48. Rc4 h4 49. Ra4 Re2 50. Kf1 Re4 51. Ra3 Rb4 52. Kf2 Rb2+ 53. Kf3 Rb1 54. Kf2 Kf4 55. Ra4+ Kg5 56. Rc4 Rb3 57. Ra4 Rb5 58. Kf3 f4 59. Ra8 Rb3+ 60. Kf2 Rb2+ 61. Kf3 1/2-1/2

[Event "Baku President's Cup 2nd"]
[Site "Baku"]
[Date "2007.05.10"]
[Round "8"]
[White "Gelashvili, Tamaz"]
[Black "Hasanov, Asif Zahid Oglu"]
[Result "1-0"]
[WhiteElo "2605"]
[BlackElo "2353"]
[PlyCount "75"]
[EventDate "2007.05.03"]
[EventType "swiss"]
[EventRounds "9"]
[EventCountry "AZE"]
[SourceTitle "CBM 118 Extra"]
[Source "ChessBase"]
[SourceDate "2007.07.04"]
[SourceVersion "1"]
[SourceVersionDate "2007.07.04"]
[SourceQuality "1"]

1. e4 c5 2. b3 Nc6 3. Bb2 e5 4. Bc4 Nf6 5. d3 d6 6. Ne2 Be7 7. 0-0 0-0 8. Nbc3 Rb8 9. a4 a6 10. Qd2 Nd4 11. a5 Nh5 12. f4 Nxe2+ 13. Nxe2 exf4 14. Nxf4 Bg5 15. Qc3 Bf6 16. Nxh5 Bxc3 17. Bxc3 Be6 18. Nxg7 Bxc4 19. bxc4 Re8 20. Nxe8 Qxe8 21. Rf3 b5 22. axb6 Rxb6 23. Raf1 Rb7 24. Rg3+ Kf8 25. h4 Qa4 26. Rf2 Qa3 27. Bg7+ Ke7 28. Kh2 Qc1 29. Bf6+ Kf8 30. Bg5 Qe1 31. Rf6 Rd7 32. Rh6 f5 33. exf5 a5 34. Re6 Qc3 35. f6 Qxc2 36. Re7 Rxe7 37. fxe7+ Ke8 38. Rf3 1-0

[Event "Baku President's Cup 2nd"]
[Site "Baku"]
[Date "2007.05.04"]
[Round "2"]
[White "Milov, Vadim"]
[Black "Hasanov, Asif Zahid Oglu"]
[Result "1-0"]
[WhiteElo "2676"]
[BlackElo "2353"]
[PlyCount "109"]
[EventDate "2007.05.03"]
[EventType "swiss"]
[EventRounds "9"]
[EventCountry "AZE"]
[SourceTitle "CBM 118 Extra"]
[Source "ChessBase"]
[SourceDate "2007.07.04"]
[SourceVersion "1"]
[SourceVersionDate "2007.07.04"]
[SourceQuality "1"]

1. d4 d5 2. c4 e6 3. Nc3 Nf6 4. cxd5 exd5 5. Bg5 Be7 6. e3 c6 7. Bd3 0-0 8. Nge2 Nbd7 9. 0-0 Re8 10. f3 Nf8 11. Bh4 Ne6 12. Kh1 g6 13. a3 Nh5 14. Bf2 f5 15. b4 a6 16. Bc2 Kg7 17. e4 fxe4 18. fxe4 dxe4 19. d5 cxd5 20. Nxd5 Bd6 21. Bxe4 Be5 22. Rc1 Rf8 23. Nb6 Qe7 24. Qd5 Nef4 25. Qxe5+ Qxe5 26. Bd4 Qxd4 27. Nxd4 Rb8 28. g3 Bh3 29. gxf4 Rbd8 30. Rfd1 Rxf4 31. Bf5 gxf5 32. Ne6+ Kf6 33. Nxf4 Rxd1+ 34. Rxd1 Nxf4 35. Nd5+ Nxd5 36. Rxd5 f4 37. Rc5 Bf5 38. Kg2 Be4+ 39. Kh3 f3 40. Kg3 Bc6 41. Kf2 Kg6 42. Ke3 Kf6 43. Rh5 Kg6 44. Ra5 Kf6 45. a4 h6 46. b5 axb5 47. axb5 Bd5 48. b6 Ke5 49. Rc5 Kd6 50. Rc7 Bc6 51. Rh7 Kc5 52. Rxh6 Kxb6 53. h4 Kc5 54. h5 Be8 55. Rh8 1-0

[Event "Istanbul op 5th"]
[Site "Istanbul"]
[Date "2006.09.03"]
[Round "5"]
[White "Hasanov, Asif Zahid Oglu"]
[Black "Krivoshey, Sergei"]
[Result "1-0"]
[WhiteElo "2335"]
[BlackElo "2500"]
[PlyCount "131"]
[EventDate "2006.08.30"]
[EventType "swiss"]
[EventRounds "9"]
[EventCountry "TUR"]
[SourceTitle "EXT 2007"]
[Source "ChessBase"]
[SourceDate "2006.11.23"]
[SourceVersion "1"]
[SourceVersionDate "2006.11.23"]
[SourceQuality "1"]

1. e4 c5 2. Nc3 Nc6 3. g3 g6 4. Bg2 Bg7 5. d3 Rb8 6. Be3 d6 7. Qd2 b5 8. Nd1 e6 9. Ne2 Nd4 10. 0-0 b4 11. Nc1 Ne7 12. c3 bxc3 13. bxc3 Ndc6 14. Bh6 0-0 15. Bxg7 Kxg7 16. f4 f6 17. Ne3 Ba6 18. Nb3 Qc7 19. Rfe1 Na5 20. Nxa5 Qxa5 21. Bh3 Bc8 22. Rab1 Bd7 23. Nc4 Qc7 24. e5 dxe5 25. Rxb8 Qxb8 26. fxe5 f5 27. Nd6 Qc7 28. Bg2 h6 29. Qf4 Bc6 30. Bxc6 Nxc6 31. Qc4 Nxe5 32. Rxe5 Qxd6 33. Rxe6 Qd7 34. Qa6 Rf7 35. Rxg6+ Kf8 36. Rxh6 f4 37. Qd6+ Qxd6 38. Rxd6 fxg3 39. hxg3 c4 40. Kg2 cxd3 41. Rxd3 Rc7 42. g4 Rc4 43. Kg3 Ra4 44. Rd2 Rc4 45. Rc2 Kf7 46. Kh4 Kg6 47. Rd2 Rxc3 48. Rd6+ Kg7 49. Rd7+ Kg6 50. Rxa7 Rc6 51. a4 Rb6 52. a5 Rb5 53. Ra6+ Kg7 54. g5 Rb1 55. Rb6 Ra1 56. a6 Kf7 57. Kh5 Rh1+ 58. Kg4 Ra1 59. Kf5 Ra5+ 60. Kf4 Rc5 61. g6+ Kg7 62. Ke4 Rc1 63. Kd5 Rc2 64. Rc6 Rb2 65. Kc5 Rb1 66. a7 1-0

[Event "Istanbul Universities"]
[Site "Istanbul"]
[Date "2006.09.02"]
[Round "4"]
[White "Hasanov, Asif Zahid Oglu"]
[Black "Andreev, Stanislav"]
[Result "1/2-1/2"]
[WhiteElo "2335"]
[BlackElo "2119"]
[PlyCount "97"]
[EventDate "2006.08.30"]
[EventType "swiss"]
[EventRounds "9"]
[EventCountry "TUR"]
[SourceTitle "EXT 2007"]
[Source "ChessBase"]
[SourceDate "2006.11.23"]
[SourceVersion "1"]
[SourceVersionDate "2006.11.23"]
[SourceQuality "1"]

1. e4 c6 2. d4 d5 3. exd5 cxd5 4. c4 Nf6 5. Nc3 e6 6. Nf3 Be7 7. cxd5 Nxd5 8. Bd3 0-0 9. 0-0 Nc6 10. Re1 Bf6 11. Be4 Nce7 12. Ne5 Bd7 13. Ng4 Bc6 14. Qd3 Ng6 15. Nxf6+ Qxf6 16. Nxd5 Bxd5 17. Bxd5 exd5 18. Be3 Qd6 19. Qb3 Qd7 20. Rac1 b6 21. Rc3 Rac8 22. Rec1 Ne7 23. Qb4 Rxc3 24. Rxc3 h6 25. h3 Rc8 26. Rxc8+ Nxc8 27. a4 a6 28. Bf4 b5 29. axb5 axb5 30. Qc5 Ne7 31. Bd2 Nf5 32. Bf4 Kh7 33. Qc2 Kg8 34. Qc5 f6 35. Kh2 g5 36. Bb8 h5 37. g4 hxg4 38. hxg4 Nh6 39. f3 f5 40. Qb6 Kh7 41. gxf5 Nxf5 42. Qf6 Nh4 43. Bg3 Qf5 44. Qe7+ Kg6 45. Qe8+ Kh6 46. Qh8+ Kg6 47. Qe8+ Kh6 48. Qh8+ Kg6 49. Qe8+ 1/2-1/2

[Event "EU-ch 3rd"]
[Site "Batumi"]
[Date "2002.06.23"]
[Round "11"]
[White "Citak, Selim"]
[Black "Hasanov, Asif Zahid Oglu"]
[Result "1/2-1/2"]
[WhiteElo "2035"]
[BlackElo "2319"]
[PlyCount "103"]
[EventDate "2002.06.12"]
[EventType "swiss"]
[EventRounds "13"]
[EventCountry "GEO"]
[SourceTitle "CBM 090"]
[Source "ChessBase"]
[SourceDate "2002.09.20"]
[SourceVersion "1"]
[SourceVersionDate "2002.09.20"]
[SourceQuality "1"]

1. d4 d5 2. c4 e6 3. Nc3 Be7 4. Nf3 Nf6 5. Bg5 0-0 6. e3 Nbd7 7. Rc1 c6 8. Bd3 dxc4 9. Bxc4 Nd5 10. Bxe7 Qxe7 11. Ne4 N5f6 12. Nxf6+ Qxf6 13. 0-0 e5 14. dxe5 Nxe5 15. Nxe5 Qxe5 16. Qe2 Be6 17. Bxe6 Qxe6 18. a3 f5 19. Rfd1 Rae8 20. Qc4 Qxc4 21. Rxc4 Re7 22. Rcd4 Rfe8 23. g3 Kf7 24. Kg2 Re5 25. Kf3 R8e7 26. h4 c5 27. Rd5 Kf6 28. Rd6+ R5e6 29. Kf4 g6 30. R1d5 b6 31. Rxe6+ Rxe6 32. Rd7 Re4+ 33. Kf3 Re7 34. Rxe7 Kxe7 35. Kf4 Kf6 36. e4 h6 37. exf5 gxf5 38. f3 b5 39. g4 b4 40. axb4 cxb4 41. Ke3 fxg4 42. fxg4 Ke5 43. b3 a6 44. Kd3 Kf4 45. g5 hxg5 46. hxg5 Kxg5 47. Kc4 Kf4 48. Kxb4 Ke4 49. Kc4 Ke3 50. b4 Kd2 51. b5 axb5+ 52. Kxb5 1/2-1/2

[Event "EU-ch 3rd"]
[Site "Batumi"]
[Date "2002.06.22"]
[Round "10"]
[White "Hasanov, Asif Zahid Oglu"]
[Black "Magalashvili, Davit"]
[Result "1/2-1/2"]
[WhiteElo "2319"]
[BlackElo "2160"]
[PlyCount "195"]
[EventDate "2002.06.12"]
[EventType "swiss"]
[EventRounds "13"]
[EventCountry "GEO"]
[SourceTitle "CBM 090"]
[Source "ChessBase"]
[SourceDate "2002.09.20"]
[SourceVersion "1"]
[SourceVersionDate "2002.09.20"]
[SourceQuality "1"]

1. e4 c5 2. Nc3 d6 3. g3 Nc6 4. Bg2 g6 5. d3 Bg7 6. Be3 e6 7. Qd2 Nd4 8. Nd1 h5 9. c3 Nc6 10. Ne2 Nge7 11. h3 b6 12. 0-0 Bb7 13. d4 cxd4 14. Nxd4 Nxd4 15. cxd4 d5 16. e5 Nf5 17. Bg5 Qd7 18. g4 hxg4 19. hxg4 Nh4 20. Bh1 Bf8 21. f4 Be7 22. Rc1 Kf8 23. Rf2 Kg7 24. Rh2 Bxg5 25. fxg5 Rac8 26. Rxc8 Qxc8 27. Qc3 Qd8 28. Qd2 Qc7 29. Kf2 Ba6 30. Kg3 Qc8 31. Qf4 Rh7 32. Nc3 b5 33. a3 Qb8 34. Rxh4 Rxh4 35. Qf6+ Kg8 36. Kxh4 b4 37. axb4 Qxb4 38. Qf2 Bc4 39. Bf3 a5 40. Bd1 Bb3 41. Bxb3 Qxb3 42. Qd2 a4 43. Kg3 a3 44. bxa3 Qxa3 45. Kg2 Qb3 46. Ne2 Qb1 47. Qe3 Qc2 48. Kf2 Qb1 49. Qd2 Qh1 50. Qc1 Qe4 51. Qf4 Qc2 52. Qf3 Qd2 53. Qe3 Qd1 54. Qc1 Qd3 55. Ke1 Qf3 56. Qf4 Qd3 57. Qg3 Qb1+ 58. Kd2 Qb2+ 59. Ke3 Qb3+ 60. Kf2 Qc2 61. Qe3 Qd1 62. Nc3 Qc2+ 63. Kg3 Qb3 64. Qd3 Qb2 65. Nb5 Qc1 66. Nd6 Qg1+ 67. Kf3 Qh1+ 68. Kf2 Qh2+ 69. Kf1 Qh1+ 70. Ke2 Qg2+ 71. Ke1 Qg1+ 72. Kd2 Qf2+ 73. Kd1 Qg1+ 74. Kc2 Qf2+ 75. Qd2 Qf3 76. Ne8 Qa3 77. Nf6+ Kg7 78. Qc3 Qa2+ 79. Qb2 Qc4+ 80. Kd2 Qf1 81. Qc3 Qf2+ 82. Kc1 Qf1+ 83. Kb2 Qe2+ 84. Kb3 Qb5+ 85. Qb4 Qd3+ 86. Kb2 Qe2+ 87. Ka3 Qd3+ 88. Ka4 Qa6+ 89. Kb3 Qd3+ 90. Ka4 Qa6+ 91. Kb3 Qd3+ 92. Qc3 Qb5+ 93. Kc2 Qe2+ 94. Qd2 Qc4+ 95. Kb2 Qb5+ 96. Ka2 Qa4+ 97. Kb1 Qb3+ 98. Kc1 1/2-1/2

[Event "Baku EU qual"]
[Site "Baku"]
[Date "2002.??.??"]
[Round "?"]
[White "Guliyev, Namig"]
[Black "Hasanov, Asif Zahid Oglu"]
[Result "1-0"]
[WhiteElo "2377"]
[BlackElo "2299"]
[PlyCount "95"]
[EventDate "2002.??.??"]
[EventType "tourn"]
[EventRounds "9"]
[EventCountry "AZE"]
[EventCategory "2"]
[SourceTitle "EXT 2003"]
[Source "ChessBase"]
[SourceDate "2002.11.25"]
[SourceVersion "1"]
[SourceVersionDate "2002.11.25"]
[SourceQuality "1"]

1. e4 c5 2. Nf3 Nc6 3. d4 cxd4 4. Nxd4 g6 5. Nc3 Bg7 6. Be3 Nf6 7. Nxc6 bxc6 8. e5 Nd5 9. Nxd5 cxd5 10. Qxd5 Rb8 11. f4 0-0 12. 0-0-0 d6 13. Bc4 Qc7 14. Bb3 dxe5 15. fxe5 Bxe5 16. Qc5 Rb7 17. Qxc7 Rxc7 18. Rd5 Bf6 19. Ra5 a6 20. Rd1 Kg7 21. Bf4 Rc6 22. Be5 Bxe5 23. Rxe5 Rc7 24. Rd4 f6 25. Ra5 e5 26. Rd6 h5 27. Kd2 h4 28. Bd5 f5 29. c4 f4 30. h3 Rf6 31. Rxf6 Kxf6 32. Kc3 Kf5 33. b4 Bb7 34. Bxb7 Rxb7 35. Rxa6 g5 36. b5 g4 37. hxg4+ Kxg4 38. a4 h3 39. gxh3+ Kxh3 40. Re6 f3 41. Rxe5 Rf7 42. Re3 Kg4 43. Re1 f2 44. Rf1 Kf3 45. a5 Ke2 46. Rxf2+ Kxf2 47. b6 Ke3 48. a6 1-0

[Event "Baku EU qual"]
[Site "Baku"]
[Date "2002.??.??"]
[Round "?"]
[White "Hasanov, Asif Zahid Oglu"]
[Black "Davidov, Samir"]
[Result "0-1"]
[WhiteElo "2299"]
[BlackElo "2246"]
[PlyCount "76"]
[EventDate "2002.??.??"]
[EventType "tourn"]
[EventRounds "9"]
[EventCountry "AZE"]
[EventCategory "2"]
[SourceTitle "EXT 2003"]
[Source "ChessBase"]
[SourceDate "2002.11.25"]
[SourceVersion "1"]
[SourceVersionDate "2002.11.25"]
[SourceQuality "1"]

1. e4 e5 2. Nf3 Nc6 3. Bc4 Nf6 4. d3 Be7 5. 0-0 0-0 6. Bb3 d5 7. Qe2 Bg4 8. c3 d4 9. h3 Bh5 10. g4 Nxg4 11. hxg4 Bxg4 12. Kh2 Kh8 13. Rg1 Qd7 14. Bd5 f5 15. Bxc6 Qxc6 16. Nxe5 Bd6 17. f4 Bxe5 18. Qg2 Qh6+ 19. Kg3 g5 20. Rh1 Bxf4+ 21. Bxf4 gxf4+ 22. Kf2 Qb6 23. Kf1 dxc3 24. Nxc3 Qe3 25. Qh2 Qxd3+ 26. Kg1 Qe3+ 27. Kf1 Qf3+ 28. Kg1 Rf7 29. Rf1 Qe3+ 30. Qf2 Rg8 31. Qxe3 fxe3 32. Kh2 f4 33. Nd5 e2 34. Rxf4 Bf3 35. Re1 Rg2+ 36. Kh3 Rxf4 37. Nxf4 Rg4 38. Nxe2 Rxe4 0-1

[Event "Hollabrunn op"]
[Site "Hollabrunn"]
[Date "1998.??.??"]
[Round "4"]
[White "Brumen, Dinko"]
[Black "Hasanov, Asif Zahid Oglu"]
[Result "1/2-1/2"]
[WhiteElo "2385"]
[BlackElo "2285"]
[PlyCount "101"]
[EventDate "1998.??.??"]
[EventType "swiss"]
[EventRounds "9"]
[EventCountry "AUT"]
[SourceTitle "EXT 1999"]
[Source "ChessBase"]
[SourceDate "1998.11.16"]
[SourceVersion "1"]
[SourceVersionDate "1998.11.16"]
[SourceQuality "1"]

1. d4 d5 2. Bg5 Nf6 3. Bxf6 exf6 4. e3 Bd6 5. g3 c6 6. Bg2 Qb6 7. b3 a5 8. Ne2 a4 9. Nd2 axb3 10. axb3 Rxa1 11. Qxa1 Bf5 12. e4 Bxe4 13. Bxe4 dxe4 14. Nxe4 Be7 15. 0-0 0-0 16. Qb2 f5 17. Nd2 Bf6 18. Nc4 Qd8 19. c3 Re8 20. Nf4 b5 21. Ne3 Bg5 22. Nfg2 Bxe3 23. Nxe3 f4 24. gxf4 Qd6 25. Ng2 Nd7 26. Qd2 Qd5 27. Qc2 Nf6 28. Re1 Rxe1+ 29. Nxe1 Qe6 30. Ng2 Qh3 31. Ne3 Ng4 32. Nxg4 Qxg4+ 33. Kf1 Qxf4 34. Qa2 Qb8 35. Qa6 Qe8 36. c4 bxc4 37. bxc4 h6 38. d5 cxd5 39. cxd5 Qe4 40. Qc8+ Kh7 41. Qc5 Qe5 42. Qc4 g5 43. Qd3+ Kg7 44. d6 Qa1+ 45. Kg2 Qa8+ 46. f3 Kf6 47. Qd4+ Ke6 48. Qg7 Qa2+ 49. Kg3 Qa6 50. Qxh6+ f6 51. Qg6 1/2-1/2